| 000 | 00925aab a2200193 i 4500 | ||
|---|---|---|---|
| 001 | 768714001 | ||
| 003 | CO-MdFUSB | ||
| 005 | 20240423102024.0 | ||
| 008 | 240423t1998 ag ||||| |||| 00| 0 spa d | ||
| 040 |
_bspa _cCO-MdFUSB |
||
| 041 | _aspa | ||
| 100 | 1 |
_aLanda, Apolos _eautor |
|
| 245 | 3 |
_aLa salud en perspectiva bíblica _c/ Apolos Landa |
|
| 300 |
_aVolumen 17, número 2 (abril - julio, 1998), páginas: 13 - 15 _c; 27 cm |
||
| 520 | _aCuando hablamos de la búsqueda de una salud integral, hablamos de un nuevo tipo de avance en nuestro enfoque de la atención sanitaria. Reconoce la necesidad de iniciar un proceso gradual de cambio que se centre en mejorar el bienestar general y la calidad de vida, teniendo en cuenta toda la relación del individuo. | ||
| 650 | 1 | 4 | _aSALUD |
| 773 | 0 |
_tIglesia y Misión _049402 _959634 _gVolumen 17, número 2 (abril - julio, 1998), páginas: 13 - 15 _qpágina: 13 |
|
| 942 | _cANA | ||
| 999 |
_c52297 _d52297 |
||